000 00568nam a22001457a 4500
005 20250207081739.0
008 241105b |||||||| |||| 00| 0 eng d
100 _aWinters, Dan.
_eauthor.
_963589
245 _aKennedy space center, Florida :
_bthe next ride to the moon /
_cDan Winters.
260 _aWashington ;
_bNational Geographic Partners, LLC.,
_cDecember 2022.
300 _avolume 241, pages 36-37,
_billustration.
500 _aNational Geographic, v. 242, n. 12, pages 36-37, September 2022.
700 _aWinters, Dan.
_eauthor.
_963588
942 _2ddc
_cPER
999 _c22992
_d22992